Uma fortuna perigosa / (Record no. 246)

MARC details
000 -LÍDER
campo de controle de tamanho fixo 01141nam a2200325 4500
001 - NÚMERO DE CONTROLE
campo de controle 246
003 - IDENTIFICADOR DO NÚMERO DE CONTROLE
campo de controle OSt
005 - DATA E HORÁRIO DA ÚLTIMA TRANSAÇÃO
campo de controle 20250528074016.0
008 - CAMPO DE DADOS FIXOS--INFORMAÇÃO GERAL
campo de controle de tamanho fixo 250206b |||||||e |||| 00| 1 eng d
020 ## - ISBN - INTERNATIONAL STANDARD BOOK NUMBER
ISBN - International Standard Book Number 8526705946
040 ## - FONTE DA CATALOGAÇÃO
Idioma da catalogação por
041 ## - CÓDIGO DE IDIOMA
Código do idioma do original e/ou traduções intermediárias do texto eng
Código do idioma do texto/trilha sonora ou título diferente por
082 ## - CDD - CLASSIFICAÇÃO DECIMAL DE DEWEY
Número de Classificação 823
Número do exemplar F667f
100 1# - ENTRADA PRINCIPAL--NOME PESSOAL
Nome pessoal Follett, Ken,
Datas associadas ao nome 1949-
9 (RLIN) 453
240 ## - TÍTULO UNIFORME
Título uniforme A dangerous fortune
245 ## - TÍTULO
Título Uma fortuna perigosa /
Indicação de responsabilidade, etc. Follett, Ken ; Tradução de A. B. Pinheiro de Lemos
250 ## - EDIÇÃO
Declaração de edição 4° edição
260 ## - PUBLICAÇÃO, DISTRIBUIÇÃO, ETC.
Local de publicação, distribuição, etc. Rio de Janeiro
Nome do editor, distribuidor, etc. Siciliano
Data da publicação, distribuição, etc. 1993
300 ## - DESCRIÇÃO FÍSICA
Extensão 479 p.
520 ## - NOTA DE RESUMO, ETC.
Resumo, etc. Uma história envolvendo jogo de poder, ambição, riqueza, traição, homossexualidade, desejo e paixão. Tudo começa com o assassinato de um garoto afogado num poço numa tarde quente de 1866. Os integrantes de uma rica família vitoriana e um ambicioso embaixador compõem o centro da trama.
650 #0 - ASSUNTO--TERMO TÓPICO
Cabeçalho tópico ou nome geográfico Literatura Inglesa
9 (RLIN) 89
650 #0 - ASSUNTO--TERMO TÓPICO
Cabeçalho tópico ou nome geográfico Histórico
9 (RLIN) 53
650 #0 - ASSUNTO--TERMO TÓPICO
Cabeçalho tópico ou nome geográfico Drama
9 (RLIN) 18
650 #0 - ASSUNTO--TERMO TÓPICO
Cabeçalho tópico ou nome geográfico Época
9 (RLIN) 31
650 #0 - ASSUNTO--TERMO TÓPICO
Cabeçalho tópico ou nome geográfico Mistério
9 (RLIN) 42
655 #0 - TERMO DE ÍNDICE--GÊNERO E FORMA
Gênero/forma/ou termo foco Romance
655 #0 - TERMO DE ÍNDICE--GÊNERO E FORMA
Gênero/forma/ou termo foco Ficção
700 ## - ENTRADA ADICIONADA - NOME PESSOAL
Nome pessoal A. B. Pinheiro de Lemos
Função do autor por extenso Tradutor
9 (RLIN) 109
942 ## - ELEMENTOS DE ENTRADA ADICIONADOS (KOHA)
Fonte de classificação ou esquema de arquivamento Classificação decimal de Dewey
Ocultar no OPAC Não
Tipo de material Koha Livros
Holdings
Situação do descarte Situação das perdas Fonte de classificação ou esquema de arquivamento Status danificado Não pode ser emprestado Coleção Biblioteca de origem Biblioteca atual Localização na estante Data de aquisição Fonte de aquisição Total de empréstimos Número de chamada completo Código de barras Data de último acesso Data do preço efetivo Tipo de material Koha
    Classificação decimal de Dewey     Ficção Biblioteca Professor Eduardo Afonso de Castro Biblioteca Professor Eduardo Afonso de Castro Literatura Estrangeira 28.12.1994 doação   823 / F667f 2025-9929 06.02.2025 06.02.2025 Livros

Powered by Koha